000 00588nam a2200217Ia 4500
003 OSt
005 20220923230848.0
006 a|||||r|||| 00| 0
007 ta
008 Pun
024 _a306,149
037 _cTextual
040 _aARTS
_cARTS
_bPun
041 _2Pun
_aPun
082 _aO153,6M94:g, L3
100 _aਦੀਵਾਨ ਸਿੰਘ, ਥਦ.
_9156363
245 0 _aਤੇਜਾ ਸਿੰਘ ਦੀ ਵਾਰਤਕ ਕਲਾ
260 _c1973
942 _hO153,6M94:g, L3
_cTEXL
_2CC
999 _c387936
_d387936